The history of the Corps of Royal Canadian Engineers, (Record no. 551808)
[ view plain ]
| 000 -LEADER | |
|---|---|
| fixed length control field | 00677cam a22001691 4500 |
| 082 ## - DEWEY DECIMAL CLASSIFICATION NUMBER | |
| Classification number | 358.271 |
| Author Mark | KER |
| 100 1# - MAIN ENTRY--PERSONAL NAME | |
| Personal name | Kerry, Armine John, |
| 9 (RLIN) | 48963 |
| 245 14 - TITLE STATEMENT | |
| Title | The history of the Corps of Royal Canadian Engineers, |
| Statement of responsibility, etc. | by A.J. Kerry and W.A. McDill. Maps drawn by P. Heinrichs. |
| 260 ## - PUBLICATION, DISTRIBUTION, ETC. | |
| Place of publication, distribution, etc. | Ottawa, |
| Name of publisher, distributor, etc. | Military Engineers Association of Canada, |
| Date of publication, distribution, etc. | 1962-66. |
| 300 ## - PHYSICAL DESCRIPTION | |
| Extent | 2 v. |
| Other physical details | illus., coats of arms, maps (part. fold., part col.) port. |
| Dimensions | 26 cm. |
| 505 1# - FORMATTED CONTENTS NOTE | |
| Formatted contents note | v. 1. 1749-1939.--v. 2. 1936-1946. |
| 526 ## - STUDY PROGRAM INFORMATION NOTE | |
| Program name | 0 |
| Interest level | 0 |
| Reading level | 0 |
| Title point value | 358_271000000000000_KER |
| 650 ## - SUBJECT ADDED ENTRY--TOPICAL TERM | |
| Topical term or geographic name entry element | MCE |
| 9 (RLIN) | 379 |
| 700 1# - ADDED ENTRY--PERSONAL NAME | |
| Personal name | McDill, W. A., |
| 9 (RLIN) | 48964 |
| 710 2# - ADDED ENTRY--CORPORATE NAME | |
| Corporate name or jurisdiction name as entry element | Military Engineers Association of Canada. |
| 9 (RLIN) | 48965 |
| 942 ## - ADDED ENTRY ELEMENTS (KOHA) | |
| Source of classification or shelving scheme | |
| Koha item type | Book |
| Withdrawn status | Lost status | Source of classification or shelving scheme | Damaged status | Not for loan | Permanent Location | Current Location | Date acquired | Total Checkouts | Full call number | Barcode | Date last seen | Price effective from | Koha item type |
|---|---|---|---|---|---|---|---|---|---|---|---|---|---|
| Military College of Engineering (MCE) | Military College of Engineering (MCE) | 12/29/2014 | 358.271 KER | MCE-33537 | 12/29/2014 | 12/29/2014 | Book |
